[Event "51st Groningen Open A 2013"]
[Site "Groningen NED"]
[Date "2013.12.30"]
[Round "9.39"]
[White "Go, Benjamin"]
[Black "Calzetta Ruiz, Monica"]
[Result "0-1"]
[BlackTitle "WGM"]
[WhiteElo "2140"]
[BlackElo "2234"]
[WhiteFideId "1014560"]
[BlackFideId "2204185"]
[EventDate "2013.12.21"]

1. e4 c5 2. b4 cxb4 3. a3 e5 4. Nf3 Nc6 5. Bb2 d6 6. axb4 Nf6 7. b5 Nb8 8. Nc3
Be7 9. Be2 O-O 10. O-O Bg4 11. d4 Nbd7 12. Qd3 Qb6 13. Rfd1 Rfc8 14. Nd5 Nxd5
15. exd5 g6 16. Nxe5 Nxe5 17. dxe5 Bf5 18. Qg3 Rxc2 19. Bd4 Qd8 20. Bf1 Bh4 21.
Qb3 dxe5 22. Bxe5 Bxf2+ 23. Kh1 Rac8 24. Bd3 Bxd3 25. Qxd3 Qg5 26. d6 Bd4 27.
Bg3 Bxa1 28. d7 Bf6 29. Qf3 R8c3 30. h4 Qxg3 31. Qxf6 Qxg2# 0-1

[Event "51st Groningen Open A 2013"]
[Site "Groningen NED"]
[Date "2013.12.30"]
[Round "9.41"]
[White "Zojer, Stefan"]
[Black "Maris, Ivo"]
[Result "0-1"]
[WhiteElo "2089"]
[BlackElo "2161"]
[WhiteFideId "1616455"]
[BlackFideId "1028146"]
[EventDate "2013.12.21"]

1. e4 c6 2. d4 Na6 3. c3 Nc7 4. Bd3 g6 5. Nf3 Bg7 6. O-O d5 7. e5 h5 8. Qc2 Nh6
9. Bg5 Bf5 10. Nbd2 Ne6 11. b4 O-O 12. Nb3 Bg4 13. Nc5 Bxf3 14. Nxe6 fxe6 15.
Bxh6 Bxh6 16. gxf3 Rf4 17. Bxg6 Rh4 18. Kg2 Qf8 19. Rg1 Kh8 20. Rad1 Qf4 21. h3
Rg8 22. Qd3 Rg7 23. a4 Qf8 24. Kg3 Rf4 25. Rg2 Rf5 26. Kh2 Rxf3 27. Qc2 Qf4+ 28.
Kg1 Rxh3 29. Rd3 Rf3 30. Bxh5 Rxg2+ 31. Kxg2 Rxd3 32. Qxd3 Qg5+ 0-1

[Event "51st Groningen Open A 2013"]
[Site "Groningen NED"]
[Date "2013.12.30"]
[Round "9.42"]
[White "Beerdsen, Thomas"]
[Black "Vos, Tjark"]
[Result "1/2-1/2"]
[WhiteElo "2154"]
[BlackElo "2085"]
[WhiteFideId "1030108"]
[BlackFideId "1020870"]
[EventDate "2013.12.21"]

1. e4 c6 2. d4 d5 3. exd5 cxd5 4. Bd3 Nc6 5. c3 Nf6 6. Bf4 Bg4 7. Qb3 Qc8 8. Nd2
Bh5 9. Ngf3 Bg6 10. Bxg6 hxg6 11. Ne5 e6 12. O-O Nxe5 13. Bxe5 Nd7 14. Nf3 Nxe5
15. Nxe5 Bd6 16. Qb5+ Kf8 17. f4 Qc7 18. Rae1 Rh6 19. g3 Rh5 20. g4 Rh4 21. Qe2
Bxe5 22. fxe5 Kg8 23. Qg2 Rf8 24. g5 Rh5 25. Rf4 Qc4 1/2-1/2

[Event "51st Groningen Open A 2013"]
[Site "Groningen NED"]
[Date "2013.12.30"]
[Round "9.43"]
[White "De Groot, Hendrik"]
[Black "Chernukhin, Alexander"]
[Result "1/2-1/2"]
[WhiteElo "2063"]
[BlackElo "2145"]
[WhiteFideId "1037021"]
[BlackFideId "24177199"]
[EventDate "2013.12.21"]

1. d4 e6 2. Qd3 d5 3. Bf4 Bd6 4. e3 Bxf4 5. exf4 Ne7 6. Nd2 b6 7. Qa3 a5 8. Ngf3
O-O 9. Bd3 h6 10. h4 Ba6 11. g4 Qd6 12. Qxd6 cxd6 13. Bxa6 Nxa6 14. c3 f5 15. g5
Ng6 16. O-O-O Nxf4 17. Kb1 h5 18. Rhe1 Nc7 19. Nf1 Rfe8 20. Ng3 g6 21. Ne2 Nxe2
22. Rxe2 Re7 23. Ne1 e5 24. Nd3 e4 25. Nf4 Kf7 26. Kc1 a4 27. a3 Ra5 28. Kd2 Ne6
29. Nxe6 Rxe6 30. Ke3 Re7 31. Kf4 Ra8 32. Re3 Rc8 33. Rd2 Rec7 34. Rd1 Ke7 35.
Rc1 Kd7 36. Re2 Rc4 37. Rd1 Kc6 38. Rdd2 Kb5 39. Rd1 R4c7 40. Rdd2 Kc4 41. Rd1
Kb3 42. Ra1 Rc6 43. Rb1 R6c7 44. Rc1 Re7 45. Ra1 Rec7 46. Rc1 Ra8 47. Ra1 1/2-1/2

[Event "51st Groningen Open A 2013"]
[Site "Groningen NED"]
[Date "2013.12.30"]
[Round "9.44"]
[White "Majhi, Ankit"]
[Black "Umudova, Nargiz"]
[Result "1-0"]
[BlackTitle "WIM"]
[WhiteElo "2058"]
[BlackElo "2255"]
[WhiteFideId "1033735"]
[BlackFideId "13402137"]
[EventDate "2013.12.21"]

1. e4 c5 2. Nf3 Nc6 3. d4 cxd4 4. Nxd4 g6 5. Nc3 Bg7 6. Be3 Nf6 7. Bc4 O-O 8.
Bb3 d6 9. f3 Na5 10. h4 a6 11. Qd2 h5 12. Bg5 b5 13. O-O-O Nxb3+ 14. axb3 b4 15.
Nd5 Nxd5 16. Nc6 Qc7 17. exd5 e5 18. g4 f6 19. gxh5 fxg5 20. Qxg5 Bf6 21. Qxg6+
Qg7 22. Qe4 Kh8 23. Qxb4 Qh6+ 24. Kb1 Bg7 25. Rdg1 Bf5 26. Rg5 Qf6 27. Rhg1 Rf7
28. Ka2 Bxc2 29. Rxg7 Rxg7 30. Rxg7 Qxg7 31. Qxd6 Re8 32. h6 Qb7 33. b4 a5 34.
b5 a4 35. Nxe5 a3 36. bxa3 Rg8 37. Qc6 Qe7 38. Qc3 Kh7 39. Qxc2+ Kxh6 40. Qe4
Rg2+ 41. Kb3 Qc5 42. Ng4+ Kg7 43. Qe5+ Kh7 44. Qh5+ Kg7 45. Qh6+ Kg8 46. Qe6+
Kf8 47. Qc6 Qg1 48. Qc8+ Ke7 49. Qc7+ Kf8 50. Qc8+ Ke7 51. Qc3 Qd1+ 52. Kb4 Rd2
53. Ne3 Qe1 54. Kc5 Kd7 55. Qg7+ Ke8 56. Kd6 1-0

[Event "51st Groningen Open A 2013"]
[Site "Groningen NED"]
[Date "2013.12.30"]
[Round "9.46"]
[White "Khelaia, Giorgi"]
[Black "Lee, Kai Jie Edward"]
[Result "0-1"]
[WhiteElo "2110"]
[BlackElo "2145"]
[WhiteFideId "13604600"]
[BlackFideId "5802920"]
[EventDate "2013.12.21"]

1. c4 e6 2. Nf3 Nf6 3. g3 d5 4. Bg2 dxc4 5. Qa4+ c6 6. Qxc4 b5 7. Qc2 Bb7 8. O-O
Nbd7 9. d4 c5 10. dxc5 Bxc5 11. Nc3 a6 12. Bf4 Rc8 13. a3 Qb6 14. Qd3 O-O 15. b4
Bxf2+ 16. Rxf2 Rxc3 17. Qxc3 Qxf2+ 18. Kxf2 Ne4+ 19. Kf1 Nxc3 20. Ne5 Bxg2+ 21.
Kxg2 Nb6 22. Be3 Nbd5 23. Bc5 Rc8 24. Kf3 Na4 25. e4 Nf6 26. Rc1 h5 27. h3 Rc7
28. Rc2 Nh7 29. h4 Nf8 30. Nd3 Nd7 31. e5 Nab6 32. Ke4 Na4 33. Kd4 Ndb6 34. Nb2
Nxb2 35. Rxb2 Rd7+ 36. Bd6 Nc4 37. Rb3 f6 38. Kc5 fxe5 39. Bb8 e4 40. Bf4 Rd3
41. Rb1 e5 42. Bg5 Rxa3 43. Re1 e3 44. Kd5 Kf7 45. Rf1+ Kg6 46. Ke6 a5 47. Be7
e2 0-1